The Literature Review: Six Steps to Success (Record no. 8670)

MARC details
000 -LEADER
fixed length control field 00347nam a2200133Ia 4500
008 - FIXED-LENGTH DATA ELEMENTS--GENERAL INFORMATION
fixed length control field 260604s9999 xx 000 0 und d
020 ## - INTERNATIONAL STANDARD BOOK NUMBER
International Standard Book Number 9781071974896
082 ## - DEWEY DECIMAL CLASSIFICATION NUMBER
Classification number 001.4 MAC
100 ## - MAIN ENTRY--PERSONAL NAME
Personal name Lawrence a. machi
9 (RLIN) 35837
245 #0 - TITLE STATEMENT
Title The Literature Review: Six Steps to Success
260 ## - PUBLICATION, DISTRIBUTION, ETC.
Name of publisher, distributor, etc. SAGE
500 ## - GENERAL NOTE
General note Research, Literature Review
942 ## - ADDED ENTRY ELEMENTS (KOHA)
Koha item type Book
Holdings
Date last seen Total Checkouts Full call number Barcode Cost, replacement price Price effective from Koha item type Lost status Damaged status Not for loan Withdrawn status Home library Current library Shelving location Date acquired Cost, normal purchase price BOOK NO
06/04/2026   001.4 MAC 004288 3933.53 06/04/2026 Book         Indian Institute of Management Visakhapatnam Indian Institute of Management Visakhapatnam   06/04/2026 3933.53 MAC

Copyright © 2024 Indian Institute of Management Visakhapatnam
Koha v23.05